000 01654nam a2200325 c 4500
999 _c146271
_d146271
003 BLK
005 20221018104623.0
008 180410b bul|||||r ||||||| ||bul||
010 _aKNG00152458000
040 _aBLK
041 _aBUL
_cBUL
080 _aРуска литература
_b821.161.1
_x-93-32
_z821.161.1-93-32
100 1 _aКорпачов, Едуард Маркович
_eпърви автор
_982572
139 _aКорпачов, Едуард Маркович
_bК 85
245 1 0 _aБалкон между небето и земята
_bРазкази и повести
_cЕдуард Маркович Корпачов; прев. от рус. и състав. Жела Георгиева; худож. Димитър Трендафилов.
257 _aSUN
260 _bНар. младеж
_c1976
300 _a248 с.
_bс ил.
_c20 см
380 _aDX
490 _aБиблиотека Аврора
_9205340
490 _aСъветски писатели за деца и юноши
_9205341
500 _aПрев. е направен от Горкий дым ; Двое на перроне / Эдуард Корпачов. - 25 137 тир.
700 1 _aГеоргиева, Жела
_eпрев. от рус. и състав.
_gВладимирова, Жела Георгиева
_9366397
700 1 _aТрендафилов, Димитър
_eхудож.
_9378889
852 _aЦб 81182
856 4 _qpdf
_i0.00
_ldisable
856 4 _qpdf
_i0.00
_ldisable
942 _cKNG
_n0
_s1
944 _aCR
_c23.10.2013
_l23.10.2013 - от С1,Р / 23.10.2013
_kВиктория_Петкова
944 _aED
_c20.09.2017
_l23.10.2013 - от С1,Р / 23.10.2013
_kКети_Илиева
999 _d146271